000 00852nam a2200181Ia 4500
008 151202s9999||||xx |||||||||||||| ||und||
082 _bPNVM-82251
100 _aजावडेकर मुरलीधर.
245 _aमहाराष्ट्रातील वैज्ञानिक क्रांती.
260 _b"मुरलीधर जावडेकर साहित्यकला प्रतिष्ठान,पुणे."
260 _c2012
300 _a446
600 _aजावडेकर मुरलीधर.
630 _aमहाराष्ट्रातील वैज्ञानिक क्रांती.
700 _aजावडेकर मुरलीधर.
730 _aमहाराष्ट्रातील वैज्ञानिक क्रांती.
942 _cBOOK
999 _c1346859
_d1346856